000 01257nam a2200253 a 4500
005 20150827151743.0
008 140122b2002 ck ||||| |||| 00| 0 spa d
041 _aspa
044 _ack
090 _aIAvH
_b00230
100 _aBotero, Jorge E.
_94510
245 _aEcología del Dacnis turquesa (Dacnis hartlaubi) en la zona cafetera de Támesis, Antioquia
260 _aBogotá
_bCenicafé
_c2002
300 _a22 p.
520 _aSe recopila información básica sobe la ecología de esta especie endémica, se estudian sus poblaciones, examinando su abundancia relativa, aspectos de su ecología y comportamiento, y se formulan recomendaciones para la conservación de sus poblaciones en la región, como la siembra de árboles, como el patudo y el higuerón, estudios adicionales sobre la especie y sobre su hábitat, y campañas de educación dirigidas a los caficultores y miembros de otros sectores productivos de la zona
650 _aAves endémicas
_94651
650 _aDistribución biodiversidad
_94652
650 _aEspecies en extinción
_94653
700 _aBaptiste, María Piedad
_926974
700 _aTorres, Giovanni
_94654
700 _94655
_aVerhelst, Juan Carlos
700 _94656
_aOrrego Santa, Oscar
942 _cINFORME
_2z
999 _c3023
_d3023